<?xml version="1.0" encoding="UTF-8"?>
<record
    xmlns:xsi="http://www.w3.org/2001/XMLSchema-instance"
    xsi:schemaLocation="http://www.loc.gov/MARC21/slim http://www.loc.gov/standards/marcxml/schema/MARC21slim.xsd"
    xmlns="http://www.loc.gov/MARC21/slim">

  <leader>     nam a22     7a 4500</leader>
  <datafield tag="999" ind1=" " ind2=" ">
    <subfield code="c">44090</subfield>
    <subfield code="d">44090</subfield>
  </datafield>
  <controlfield tag="003">OSt</controlfield>
  <controlfield tag="005">20180501152118.0</controlfield>
  <controlfield tag="008">180501b        xxu||||| |||| 00| 0 eng d</controlfield>
  <datafield tag="040" ind1=" " ind2=" ">
    <subfield code="c">IIMT UNIVERSITY, MEERUT</subfield>
  </datafield>
  <datafield tag="050" ind1=" " ind2=" ">
    <subfield code="b">238</subfield>
  </datafield>
  <datafield tag="082" ind1=" " ind2=" ">
    <subfield code="2">2ND</subfield>
    <subfield code="a">624.15136</subfield>
    <subfield code="b">238</subfield>
  </datafield>
  <datafield tag="100" ind1=" " ind2=" ">
    <subfield code="a">KHANNA,J</subfield>
  </datafield>
  <datafield tag="245" ind1=" " ind2=" ">
    <subfield code="a">HIGHWAY ENGINEERING</subfield>
    <subfield code="c">AUTHOR</subfield>
    <subfield code="h">ENGLISH</subfield>
  </datafield>
  <datafield tag="250" ind1=" " ind2=" ">
    <subfield code="a">2ND ED.</subfield>
  </datafield>
  <datafield tag="260" ind1=" " ind2=" ">
    <subfield code="a">ROORKEE</subfield>
    <subfield code="b">NEM CHAND</subfield>
    <subfield code="c">2010</subfield>
  </datafield>
  <datafield tag="300" ind1=" " ind2=" ">
    <subfield code="b">2ND ED.592 PP.</subfield>
    <subfield code="e">PAPERBACK</subfield>
  </datafield>
  <datafield tag="700" ind1=" " ind2=" ">
    <subfield code="a">KHANNA, J</subfield>
  </datafield>
  <datafield tag="760" ind1=" " ind2=" ">
    <subfield code="b">2ND ED.</subfield>
  </datafield>
  <datafield tag="856" ind1=" " ind2=" ">
    <subfield code="3">PAPERBACK</subfield>
  </datafield>
  <datafield tag="887" ind1=" " ind2=" ">
    <subfield code="2">ACCESSION REGISTER</subfield>
  </datafield>
  <datafield tag="942" ind1=" " ind2=" ">
    <subfield code="2">ddc</subfield>
    <subfield code="c">01</subfield>
    <subfield code="e">2ND</subfield>
    <subfield code="h">624.151KHA</subfield>
    <subfield code="i">TITLE</subfield>
    <subfield code="k">BOOK</subfield>
    <subfield code="m">624.151 KHA</subfield>
    <subfield code="n">624.151 KHA</subfield>
  </datafield>
  <datafield tag="952" ind1=" " ind2=" ">
    <subfield code="0">0</subfield>
    <subfield code="1">0</subfield>
    <subfield code="2">ddc</subfield>
    <subfield code="3">PAPER BACK</subfield>
    <subfield code="4">0</subfield>
    <subfield code="7">0</subfield>
    <subfield code="a">24</subfield>
    <subfield code="b">24</subfield>
    <subfield code="d">2018-05-01</subfield>
    <subfield code="e">127 TRANSFER</subfield>
    <subfield code="f">ARCHITECTU</subfield>
    <subfield code="g">200.00</subfield>
    <subfield code="i">127 TRANSFER</subfield>
    <subfield code="l">0</subfield>
    <subfield code="o">624.15136 238</subfield>
    <subfield code="p">24-B-238</subfield>
    <subfield code="r">2018-05-01</subfield>
    <subfield code="u">ARCHITECTURE</subfield>
    <subfield code="v">200.00</subfield>
    <subfield code="w">2018-04-30</subfield>
    <subfield code="y">01</subfield>
    <subfield code="z">HIGHWAY</subfield>
  </datafield>
  <datafield tag="952" ind1=" " ind2=" ">
    <subfield code="0">0</subfield>
    <subfield code="1">0</subfield>
    <subfield code="2">ddc</subfield>
    <subfield code="3">PAPER BACK</subfield>
    <subfield code="4">0</subfield>
    <subfield code="7">0</subfield>
    <subfield code="a">24</subfield>
    <subfield code="b">24</subfield>
    <subfield code="d">2018-05-01</subfield>
    <subfield code="e">127 TRANSFER</subfield>
    <subfield code="f">ARCHITECTU</subfield>
    <subfield code="g">200.00</subfield>
    <subfield code="i">127 TRANSFER</subfield>
    <subfield code="l">0</subfield>
    <subfield code="o">624.15136 238</subfield>
    <subfield code="p">24-B-239</subfield>
    <subfield code="r">2018-05-01</subfield>
    <subfield code="u">ARCHITECTURE</subfield>
    <subfield code="v">200.00</subfield>
    <subfield code="w">2018-04-30</subfield>
    <subfield code="y">01</subfield>
    <subfield code="z">HIGHWAY</subfield>
  </datafield>
  <datafield tag="952" ind1=" " ind2=" ">
    <subfield code="0">0</subfield>
    <subfield code="1">0</subfield>
    <subfield code="2">ddc</subfield>
    <subfield code="3">PAPER BACK</subfield>
    <subfield code="4">0</subfield>
    <subfield code="7">0</subfield>
    <subfield code="a">24</subfield>
    <subfield code="b">24</subfield>
    <subfield code="d">2018-05-01</subfield>
    <subfield code="e">127 TRANSFER</subfield>
    <subfield code="f">ARCHITECTU</subfield>
    <subfield code="g">200.00</subfield>
    <subfield code="i">127 TRANSFER</subfield>
    <subfield code="l">0</subfield>
    <subfield code="o">624.15136 238</subfield>
    <subfield code="p">24-B-240</subfield>
    <subfield code="r">2018-05-01</subfield>
    <subfield code="u">ARCHITECTURE</subfield>
    <subfield code="v">200.00</subfield>
    <subfield code="w">2018-04-30</subfield>
    <subfield code="y">01</subfield>
    <subfield code="z">HIGHWAY</subfield>
  </datafield>
  <datafield tag="952" ind1=" " ind2=" ">
    <subfield code="0">0</subfield>
    <subfield code="1">0</subfield>
    <subfield code="2">ddc</subfield>
    <subfield code="3">PAPER BACK</subfield>
    <subfield code="4">0</subfield>
    <subfield code="7">0</subfield>
    <subfield code="a">24</subfield>
    <subfield code="b">24</subfield>
    <subfield code="d">2018-05-01</subfield>
    <subfield code="e">127 TRANSFER</subfield>
    <subfield code="f">ARCHITECTU</subfield>
    <subfield code="g">200.00</subfield>
    <subfield code="i">127 TRANSFER</subfield>
    <subfield code="l">0</subfield>
    <subfield code="o">624.15136 238</subfield>
    <subfield code="p">24-B-241</subfield>
    <subfield code="r">2018-05-01</subfield>
    <subfield code="u">ARCHITECTURE</subfield>
    <subfield code="v">200.00</subfield>
    <subfield code="w">2018-04-30</subfield>
    <subfield code="y">01</subfield>
    <subfield code="z">HIGHWAY</subfield>
  </datafield>
  <datafield tag="952" ind1=" " ind2=" ">
    <subfield code="0">0</subfield>
    <subfield code="1">0</subfield>
    <subfield code="2">ddc</subfield>
    <subfield code="3">PAPER BACK</subfield>
    <subfield code="4">0</subfield>
    <subfield code="7">0</subfield>
    <subfield code="a">24</subfield>
    <subfield code="b">24</subfield>
    <subfield code="d">2018-05-01</subfield>
    <subfield code="e">127 TRANSFER</subfield>
    <subfield code="f">ARCHITECTU</subfield>
    <subfield code="g">200.00</subfield>
    <subfield code="i">127 TRANSFER</subfield>
    <subfield code="l">0</subfield>
    <subfield code="o">624.15136 238</subfield>
    <subfield code="p">24-B-242</subfield>
    <subfield code="r">2018-05-01</subfield>
    <subfield code="u">ARCHITECTURE</subfield>
    <subfield code="v">200.00</subfield>
    <subfield code="w">2018-04-30</subfield>
    <subfield code="y">01</subfield>
    <subfield code="z">HIGHWAY</subfield>
  </datafield>
  <datafield tag="952" ind1=" " ind2=" ">
    <subfield code="0">0</subfield>
    <subfield code="1">0</subfield>
    <subfield code="2">ddc</subfield>
    <subfield code="3">PAPER BACK</subfield>
    <subfield code="4">0</subfield>
    <subfield code="7">0</subfield>
    <subfield code="a">24</subfield>
    <subfield code="b">24</subfield>
    <subfield code="d">2018-05-01</subfield>
    <subfield code="e">127 TRANSFER</subfield>
    <subfield code="f">ARCHITECTU</subfield>
    <subfield code="g">200.00</subfield>
    <subfield code="i">127 TRANSFER</subfield>
    <subfield code="l">0</subfield>
    <subfield code="o">624.15136 238</subfield>
    <subfield code="p">24-B-243</subfield>
    <subfield code="r">2018-05-01</subfield>
    <subfield code="u">ARCHITECTURE</subfield>
    <subfield code="v">200.00</subfield>
    <subfield code="w">2018-04-30</subfield>
    <subfield code="y">01</subfield>
    <subfield code="z">HIGHWAY</subfield>
  </datafield>
  <datafield tag="952" ind1=" " ind2=" ">
    <subfield code="0">0</subfield>
    <subfield code="1">0</subfield>
    <subfield code="2">ddc</subfield>
    <subfield code="3">PAPER BACK</subfield>
    <subfield code="4">0</subfield>
    <subfield code="7">0</subfield>
    <subfield code="a">24</subfield>
    <subfield code="b">24</subfield>
    <subfield code="d">2018-05-01</subfield>
    <subfield code="e">127 TRANSFER</subfield>
    <subfield code="f">ARCHITECTU</subfield>
    <subfield code="g">200.00</subfield>
    <subfield code="i">127 TRANSFER</subfield>
    <subfield code="l">0</subfield>
    <subfield code="o">624.15136 238</subfield>
    <subfield code="p">24-B-244</subfield>
    <subfield code="r">2018-05-01</subfield>
    <subfield code="u">ARCHITECTURE</subfield>
    <subfield code="v">200.00</subfield>
    <subfield code="w">2018-04-30</subfield>
    <subfield code="y">01</subfield>
    <subfield code="z">HIGHWAY</subfield>
  </datafield>
  <datafield tag="952" ind1=" " ind2=" ">
    <subfield code="0">0</subfield>
    <subfield code="1">0</subfield>
    <subfield code="2">ddc</subfield>
    <subfield code="3">PAPER BACK</subfield>
    <subfield code="4">0</subfield>
    <subfield code="7">0</subfield>
    <subfield code="a">24</subfield>
    <subfield code="b">24</subfield>
    <subfield code="d">2018-05-01</subfield>
    <subfield code="e">127 TRANSFER</subfield>
    <subfield code="f">ARCHITECTU</subfield>
    <subfield code="g">200.00</subfield>
    <subfield code="i">127 TRANSFER</subfield>
    <subfield code="l">0</subfield>
    <subfield code="o">624.15136 238</subfield>
    <subfield code="p">24-B-245</subfield>
    <subfield code="r">2018-05-01</subfield>
    <subfield code="u">ARCHITECTURE</subfield>
    <subfield code="v">200.00</subfield>
    <subfield code="w">2018-04-30</subfield>
    <subfield code="y">01</subfield>
    <subfield code="z">HIGHWAY</subfield>
  </datafield>
  <datafield tag="952" ind1=" " ind2=" ">
    <subfield code="0">0</subfield>
    <subfield code="1">0</subfield>
    <subfield code="2">ddc</subfield>
    <subfield code="3">PAPER BACK</subfield>
    <subfield code="4">0</subfield>
    <subfield code="7">0</subfield>
    <subfield code="a">24</subfield>
    <subfield code="b">24</subfield>
    <subfield code="d">2018-05-01</subfield>
    <subfield code="e">127 TRANSFER</subfield>
    <subfield code="f">ARCHITECTU</subfield>
    <subfield code="g">200.00</subfield>
    <subfield code="i">127 TRANSFER</subfield>
    <subfield code="l">0</subfield>
    <subfield code="o">624.15136 238</subfield>
    <subfield code="p">24-B-246</subfield>
    <subfield code="r">2018-05-01</subfield>
    <subfield code="u">ARCHITECTURE</subfield>
    <subfield code="v">200.00</subfield>
    <subfield code="w">2018-04-30</subfield>
    <subfield code="y">01</subfield>
    <subfield code="z">HIGHWAY</subfield>
  </datafield>
  <datafield tag="952" ind1=" " ind2=" ">
    <subfield code="0">0</subfield>
    <subfield code="1">0</subfield>
    <subfield code="2">ddc</subfield>
    <subfield code="3">PAPER BACK</subfield>
    <subfield code="4">0</subfield>
    <subfield code="7">0</subfield>
    <subfield code="a">24</subfield>
    <subfield code="b">24</subfield>
    <subfield code="d">2018-05-01</subfield>
    <subfield code="e">127 TRANSFER</subfield>
    <subfield code="f">ARCHITECTU</subfield>
    <subfield code="g">200.00</subfield>
    <subfield code="i">127 TRANSFER</subfield>
    <subfield code="l">2</subfield>
    <subfield code="o">624.15136 238</subfield>
    <subfield code="p">24-B-247</subfield>
    <subfield code="r">2022-02-28</subfield>
    <subfield code="s">2021-10-29</subfield>
    <subfield code="u">ARCHITECTURE</subfield>
    <subfield code="v">200.00</subfield>
    <subfield code="w">2018-04-30</subfield>
    <subfield code="y">02</subfield>
    <subfield code="z">HIGHWAY</subfield>
  </datafield>
</record>
